South Eastern Kenya University

Library Online Public Access Catalogue


Magnesium in human health and disease / (Record no. 14283)

MARC details
000 -LEADER
fixed length control field 00570cam a2200169 i 4500
020 ## - ISBN
International Standard Book Number 9781627030434 (hardcover : acidfree paper)
020 ## - ISBN
Cancelled/invalid ISBN 9781627030441(ebook)
050 #4 - LIBRARY OF CONGRESS CALL NUMBER
Classification Number RC627.M3
Item Number W38 2013
100 1# - MAIN ENTRY--Author
Personal name Watson, Ronald R.
245 10 - TITLE
Title Magnesium in human health and disease /
Statement of responsibility, etc Ronald Ross Watson, Victor R. Preedy, Sherma Zibadi, editors.
650 #0 - SUBJECT--TOPIC
General subdivision Health aspects.
700 1# - ADDED ENTRY--PERSONAL AUTHOR
Personal Name Watson, Ronald R.
700 1# - ADDED ENTRY--PERSONAL AUTHOR
Personal Name Preedy, Victor R.,
700 1# - ADDED ENTRY--PERSONAL AUTHOR
Personal Name Zibadi, Sherma,
856 40 - URL/ELECTRONIC LOCATION AND ACCESS
Uniform Resource Identifier <a href="http://www.columbia.edu/cgi-bin/cul/resolve?clio10190805">http://www.columbia.edu/cgi-bin/cul/resolve?clio10190805</a>
942 ## - ADDED ENTRY ELEMENTS(KOHA)
Source of classification or shelving scheme Library of Congress Classification
Koha item type General circulation
Holdings
Source of classification or shelving scheme Not for loan Location (home branch) Sublocation (holding branch) Shelving location Date accessioned Full call number Barcode Nonpublic note Koha item type
Library of Congress Classification   Main Campus Library Main Campus Library   20/05/2016 RC627.M3 W38 2013 2016/018431 amm General circulation
Kitui, Kenya.
+254736116989
library@seku.ac.ke